000 00786nam a2200241Ia 4500
003 OSt
005 20220923221852.0
006 a|||||r|||| 00| 0
007 ta
008 220922b |||||||| |||| 00| 0 hin d
024 _a200,649
037 _cTextual
040 _aARTS
_cARTS
_bhin
041 _2hin
_ahin
082 _aV2:5;C, 152K7
100 _aपाठक, सर्वानन्द
_9156270
245 0 _aविष्णु पुराण का भारत
246 _aViṣhṇu purāṇ kā bhārata
260 _c1967
490 _aचौखम्बा राष्ट्र्भाषा ग्रन्थमाला 2
942 _hV2:5;C, 152K7
_cTEXL
_2CC
999 _c352321
_d352321